Culture des arbres et arbrisseaux a fruits de table
Αποθηκεύτηκε σε:
| Κύριος συγγραφέας: | |
|---|---|
| Μορφή: | Βιβλίο |
| Γλώσσα: | French |
| Δημοσίευση: |
[Paris] :
[G. Masson],
1868.
|
| Θέματα: | |
| Ετικέτες: |
Προσθήκη ετικέτας
Δεν υπάρχουν, Καταχωρήστε ετικέτα πρώτοι!
|
MARC
| LEADER | 00000nam a2200000 a 4500 | ||
|---|---|---|---|
| 001 | 1/127282 | ||
| 008 | 230915q1868####fr | ||| |||| ||fre|| | ||
| 040 | |a GR-MyUa |b gre |c GR-MyUa |e AACR2 | ||
| 041 | 0 | |a fre | |
| 082 | 7 | |a 634 |2 (23) | |
| 100 | 1 | |a Du Breuil, Alphonse, |d 1811-1890. | |
| 245 | 1 | 0 | |a Culture des arbres et arbrisseaux a fruits de table / |c par M..Du Breuil. |
| 260 | |a [Paris] : |b [G. Masson], |c 1868. | ||
| 300 | |a 693 σ. : |b εικ. ; |c 18 εκ. | ||
| 500 | |a Λείπει η σ. τ. η καταλογογράφηση έγινε σύμφωνα με το ίδιο το βιβλίου που βρέθηκε στο διαδίκτυο και σε άλλες βιβλιοθήκες. Στην τελευταία σελίδα του βιβλίου χειρόγραφη σημείωση με μολύβι Αριστοτέλης Μανταφούνης. | ||
| 650 | 0 | |a Arboriculture. | |
| 650 | 0 | |a Fruit. | |
| 852 | |a INST |b SAMOS |c MOR |e 20230915 |h 634 DUB |p 005300047775 |q 005300047775 |t BK |y 23 | ||
| 970 | |a Γουβάλα |b Βάσω |z 15-09-2023 | ||